000
00266 a2200097 4500
001
37326
100
_a
Saxena R S
245
_a
Academic and Special Libraries; their working, problems and solutions
260
_a
Agra
_b
Y. K Publisher
_c
1989
090
_c
23797
_d
23797
942
_a
NUST-CAE
_c
M
_c
15332
999
_c
272399
_d
272399